Statistics for Famous People - Alive or Dead?

Click here to take the quiz!

General Stats

  • This quiz has been taken 19,416 times
  • The average score is 15 of 20

Answer Stats

Question Answer % Correct
Catherine Zeta-JonesAlive
89%
Muhammad AliDead
88%
Margaret ThatcherDead
83%
Martin SheenAlive
83%
Carrie FisherDead
83%
Olivia Newton-JohnAlive
82%
Keith RichardsAlive
81%
Judi DenchAlive
81%
Lucille BallDead
79%
Ian McKellenAlive
78%
Patrick SwayzeDead
76%
Nick NolteAlive
75%
John CleeseAlive
75%
Elizabeth TaylorDead
75%
Neil ArmstrongDead
72%
Rodney DangerfieldDead
70%
Boris YeltsinDead
69%
Willie NelsonAlive
68%
Rick MoranisAlive
67%
Sophia LorenAlive
59%

Score Distribution

Percentile by Number Answered

Percent of People with Each Score

Your Score History

You have not taken this quiz